Predpoklady úspešného predsedníctva nových členských krajín v Rade EÚ

Predsedníctvo v Rade EÚ predstavuje jeden zo základných inštitútov inštitucionálneho usporiadania Európskej únie. Zámerom autora nie je predostrieť všetky možnosti realizácie úspešného predsedníctva, ale upriamiť pozornosť na tie, ktoré vo všeobecnosti stoja pred každým predsedníckym štátom. Cieľom...

Full description

Saved in:
Bibliographic Details
Main Author: Rusiňák, Peter, 1985-
Format: Book Chapter
Language:Slovak
Subjects:
Tags: Add Tag
No Tags, Be the first to tag this record!

MARC

LEADER 00000nla$a2200000$$$4500
001 0128065
005 20240502072448.4
041 0 |a slo 
044 |a SK 
245 1 0 |a Predpoklady úspešného predsedníctva nových členských krajín v Rade EÚ  |c Peter Rusiňák 
520 |a Predsedníctvo v Rade EÚ predstavuje jeden zo základných inštitútov inštitucionálneho usporiadania Európskej únie. Zámerom autora nie je predostrieť všetky možnosti realizácie úspešného predsedníctva, ale upriamiť pozornosť na tie, ktoré vo všeobecnosti stoja pred každým predsedníckym štátom. Cieľom je v tejto súvislosti predstaviť a objasniť priority maďarského a poľského predsedníctva pre rok 2011 a poskytnúť odporúčanie pre dosiahnutie čo možno najefektívnejšej správy EÚ z politického hľadiska. 
610 2 0 |a Rada Európskej únie 
100 1 |a Rusiňák, Peter, 1985-